000
00335nam a22001457a 4500
008
230405b ||||| |||| 00| 0 eng d
020
_a
9780071086707
041
_a
eng
080
_2
EIGHTH EDITION
_a
159.9
082
_a
159.9PAY
100
_a
25
101
_a
PSI
245
_a
HUMAN MOTOR DEVELOPMENT
_c
PAYNE.G.V
942
_2
udc
_c
BK
999
_c
59507
_d
59507